Famous People from the 12th Century AD - Statistics

General Stats
  • This quiz has been taken 85 times
  • The average score is 7 of 15
Answer Stats
Hint Answer % Correct
Sultan of Egypt and Syria, who conquered Jerusalem from the Crusaders and defeated them at the Battle of Hattin Saladin
77%
Duchess of Aquitaine, who became Queen of France and Queen of England Eleanor of Aquitaine
74%
HRE Emperor, who campaigned in Italy and drowned during the 3. Crusade. The Nazi Invasion of the USSR was named after him Frederick Barbarossa
74%
English King, who participated in the 3. Crusade and campaigned against France Richard Lionheart
72%
Archbishop of Canterbury and Lord Chancelor of England, who was murdered in 1170 and later canonized as a martyr Thomas Becket
72%
Italian monk, who founded a monastic order named after him, regarded as the Saint of Italy and Animals Francis of Assisi
70%
Pope, who initiated the 4. Crusade as well as the Crusades against Albigensian Crusade against the Cathars Innocent III
49%
HRE Emperor from the Staufen dynasty, who also became King of Sicily Henry VI
44%
King of Jerusalem, who suffered from Leprosy, tried to secure the Kingdom from the Egyptian Thread Baldwin IV
38%
Sephardic Jewish philosopher, who lived in Spain and North Africa, who greatly influenced Jewish and Islamic Philosophy and Science Maimonides
28%
Abbess, polymath, mystic and oldest known musical composer of Europe Hildegard of Bingen
26%
Islamic Andalusian philosopher, also known as "The Commentator" or Ibn Rushd, who interpreted and commentated the works of Aristotle Averroes
21%
Leader of the 1. Crusade, who became first King of Jerusalem Godfrey of Bouillon
18%
Cistercian abbot, mystic and preacher in favor of the Crusades, helped spread his Monastic Order Bernard of Clairvaux
16%
Khmer Emperor, who build Angkor Wat Suryavarman II
7%
No matching quizzes found
Score Distribution
Percent of People with Each Score
Percentile by Number Answered
Your Score History
You have not taken this quiz